00329nam a2200121Ia 4500008004100000100002900041245006000070260002800130300000900158650001600167942000700183999001700190190216s9999||||xx |||||||||||||| ||und|| aGering F W And Halmos Pr 0aElementary Probability Theory With Stochastic Processes bNarosa Pubs Housec1974 a325p aMathematics cBK c31150d31150